LEADER 02432nam 2200649Ia 450 001 9910459692603321 005 20200520144314.0 010 $a1-299-05264-9 010 $a1-60344-492-0 035 $a(CKB)2670000000078842 035 $a(EBL)3037872 035 $a(SSID)ssj0000531074 035 $a(PQKBManifestationID)12214286 035 $a(PQKBTitleCode)TC0000531074 035 $a(PQKBWorkID)10569343 035 $a(PQKB)11723252 035 $a(OCoLC)708568332 035 $a(MiAaPQ)EBC3037872 035 $a(OCoLC)1132667678 035 $a(MdBmJHUP)muse77155 035 $a(Au-PeEL)EBL3037872 035 $a(CaPaEBR)ebr10447187 035 $a(CaONFJC)MIL436514 035 $a(EXLCZ)992670000000078842 100 $a20060911d2007 ub 0 101 0 $aeng 135 $aur|n|---||||| 181 $ctxt 182 $cc 183 $acr 200 10$aEthics & analysis$b[electronic resource] $ephilosophical perspectives and their application in therapy /$fLuigi Zoja ; foreword by David H. Rosen 205 $a1st ed. 210 $aCollege Station $cTexas A&M University Press$dc2007 215 $a1 online resource (148 p.) 225 1 $aCarolyn and Ernest Fay series in analytical psychology ;$vno. 13 300 $aDescription based upon print version of record. 311 $a1-58544-578-9 320 $aIncludes bibliographical references (p. [115]-117) and index. 327 $aPart I: Ethics : ethics as the elaboration of complexity -- Justice -- Beauty -- Palace and square -- Can evil be avoided if ugliness is compulsory? -- Has beauty been shrinking throughout history? -- Ethics again -- The gray zone -- Narration -- Growing unethical? -- The ethics of analysis -- Part II: Analysis : ethical perspectives on psychotherapy -- Processing -- Sabine S. and Anna O. -- A new ethical frontier -- Final remarks. 410 0$aCarolyn and Ernest Fay series in analytical psychology ;$vno. 13. 517 3 $aEthics and analysis 606 $aEthics 606 $aPsychoanalysis 606 $aPsychotherapy 608 $aElectronic books. 615 0$aEthics. 615 0$aPsychoanalysis. 615 0$aPsychotherapy. 676 $a174/.9150195 700 $aZoja$b Luigi$0320711 801 0$bMiAaPQ 801 1$bMiAaPQ 801 2$bMiAaPQ 906 $aBOOK 912 $a9910459692603321 996 $aEthics & analysis$92080427 997 $aUNINA LEADER 03192nam 2200541 450 001 9910644288703321 005 20230130165041.0 010 $a9786611840624 010 $a1-281-84062-9 010 $a0-470-71277-5 010 $a0-470-71256-2 010 $a1-4443-9927-6 035 $a(CKB)3710000000503740 035 $a(EBL)4042072 035 $a(MiAaPQ)EBC366886 035 $a(MiAaPQ)EBC4042072 035 $a(MiAaPQ)EBC7076581 035 $a(Au-PeEL)EBL7076581 035 $a(EXLCZ)993710000000503740 100 $a20230130d1997 uy 0 101 0 $aeng 135 $aur|n|---||||| 181 $2rdacontent 182 $2rdamedia 183 $2rdacarrier 200 10$aContemporary urban Japan $ea sociology of consumption /$fJohn Clammer 210 1$aOxford, England ;$aMalden, Massachusetts :$cBlackwell Pub.,$d[1997] 215 $a1 online resource (167 p.) 225 1 $aStudies in urban and social change 300 $aDescription based upon print version of record. 311 $a0-631-20301-X 311 $a0-631-20302-8 320 $aIncludes bibliographical references and index. 327 $a""series""; ""Title page""; ""copyright""; ""Dedication""; ""preface""; ""Acknowledgements""; ""1: Approaching Japan through the Study of Consumption""; ""JAPAN AND CONSUMPTION""; ""THINKING THROUGH JAPANESE CONSUMPTION""; ""THE STRUCTURE OF JAPANESE CONSUMPTION""; ""THE POWER OF THE GIFT""; ""CONSUMPTION AND THE ORGANIZATION OF EVERYDAY LIFE""; ""2: Consumption and Urban Cultures in the Japanese City""; ""THE URBAN CONTEXT OF CONSUMPTION""; ""URBAN SOCIOLOGY AND JAPANESE SOCIETY""; ""THE SOCIOLOGY OF URBAN CONSUMPTION""; ""3: The Context of Desire: The Political Economy of Consumption"" 327 $a""THE POLITICAL AND ECONOMIC FRAME""""THE PRAXIS OF CONSUMPTION""; ""4: Shopping and the Social Self""; ""THE ECOLOGY OF TASTE""; ""CHOICE AND BEING""; ""5: Gender, Class and the Internationalization of Consumption""; ""INTRODUCTION""; ""THE SETTING""; ""THE PHENOMENOLOGY OF SHOPPING""; ""THE INTERNATIONALIZING OF CONSUMPTION AND THE REINFORCEMENT OF JAPANESE IDENTITY""; ""GLASS, CONSUMPTION AND GENDER""; ""6: Consuming Bodies: Media and the Construction and Representation of the Body""; ""INTRODUCTION""; ""READING JAPANESE MAGAZINES""; ""READING THE IMAGES"" 327 $a""JAPANESE BODIES/CULTURAL THEORY""""JAPAN, CONSUMPTION AND THEORIES OF BODY""; ""THE BODY? MEDIA AND CONSUMPTION""; ""TOWARDS A CONCLUSION""; ""7: Sites and Sights: The Consuming Eye and the Arts of the Imagination in Japanese Tourism""; ""TOWARDS A CONCLUSION""; ""TOWARDS A CONCLUSION""; ""8 Theorizing Consumption in Urban Japan""; ""IDENTITY, MODERNITY, CONSUMPTION""; ""COMMODITY, AESTHETICS AND EVERYDAY LIFE""; ""THE COMMODITY AND THE GIFT CULTURE""; ""References""; ""Index"" 410 0$aStudies in urban and social change. 606 $aSociology, Urban 615 0$aSociology, Urban. 676 $a307.760952 700 $aClammer$b J. R.$0264673 801 0$bMiAaPQ 801 1$bMiAaPQ 801 2$bMiAaPQ 906 $aBOOK 912 $a9910644288703321 996 $aContemporary urban Japan$92238539 997 $aUNINA